Gry Roku od 1972! - Statystyki

Ogólne statystyki
  • Ten quiz został rozwiązany 37 razy
  • Średni wynik to 12 z 53
Statystyki odpowiedzi
Hint Odpowiedź % Poprawnych
2018 God of War
72%
2013 Grand Theft Auto V
72%
2015 The Witcher 3: Wild Hunt
69%
2024 Astro Bot
63%
1984 Tetris
59%
2022 Elden Ring
47%
2004 Grand Theft Auto: San Andreas
47%
2016 Overwatch
44%
1985 Super Mario Bros
44%
2020 The Last of Us Part II
44%
2023 Baldur's Gate 3
41%
2003 Call of Duty
41%
2008 Grand Theft Auto IV
41%
2010 Red Dead Redemption
41%
1980 Pac-Man
38%
2001 Grand Theft Auto III
34%
2011 The Elder Scrolls V: Skyrim
34%
2021 It Takes Two
31%
2019 Sekiro: Shadows Die Twice
31%
2006 The Elder Scrolls IV: Oblivion
28%
2017 The Legend of Zelda: Breath of the Wild
28%
1972 Pong
25%
2014 Dragon Age: Inquisition
22%
1986 The Legend of Zelda
19%
1981 Donkey Kong
16%
1994 Donkey Kong Country
16%
2005 Resident Evil 4
16%
2009 Uncharted 2: Among Thieves
16%
1978 Space Invaders
13%
2012 The Walking Dead
13%
1993 Doom
9%
1997 Final Fantasy VII
9%
1988 Super Mario Bros 3
9%
1979 Asteroids
6%
1987 Contra
6%
1992 Mortal Kombat
6%
1991 Sonic the Hedgehog
6%
1996 Super Mario 64
6%
1998 The Legend of Zelda: Ocarina of Time
6%
2007 BioShock
3%
1982 Ms Pac-Man
3%
1999 Silent Hill
3%
1990 Super Mario World
3%
1974 Tank
3%
2000 The Sims
3%
1976 Breakout
0%
1995 Chrono Trigger
0%
1977 Combat
0%
1983 Dragon's Lair
0%
1975 Gun Fight
0%
1973 Maze War
0%
2002 Metroid Prime
0%
1989 SimCity
0%
Nie znaleziono quizów pasujących do podanych kryteriów
Rozkład punktacji
Procent ludzi z każdym wynikiem
Percentyl według liczby udzielonych odpowiedzi
Twoja historia wyników
Nie rozwiązałeś tego quizu